000
00276nam a2200121Ia 4500
005
20251222144921.0
008
251222s9999||||xx |||||||||||||| ||spa||
082
_a
428/B18
100
_a
Ball, Wendy
245
0
_a
Wizadora:
264
_b
Oxford University Press
942
_c
LIB
999
_c
22702
_d
22702